North American Administrative Divisions with Same-Named Capitals - Statistics

General Stats
  • This quiz has been taken 15 times
  • The average score is 26 of 108
Answers on the Map
Answers color-coded by a green-red scale on the quiz's map according to % correct below.
 
Answer Stats
Country Answer % Correct
Mexico Chihuahua
100%
Nicaragua Managua
100%
USA Oklahoma
100%
Panama Panama
100%
Canada Quebec
100%
Costa Rica San Jose
100%
Cuba La Habana
93%
Guatemala Guatemala
87%
Mexico Aguascalientes
80%
Dominican Republic Santo Domingo
80%
Belize Belize
73%
Jamaica Kingston
73%
Trinidad and Tobago Port of Spain
73%
Mexico San Luis Potosi
73%
St Lucia Castries
67%
Cuba Guantanamo
67%
Grenada Saint George
67%
Antigua and Barbuda Saint John's
67%
El Salvador San Salvador
67%
Mexico Colima
60%
Mexico Guanajuato
53%
Cuba Santiago de Cuba
53%
Mexico Zacatecas
53%
Cuba Camaguey
47%
Panama Colon
47%
Belize Orange Walk
47%
Bahamas Freeport
40%
Costa Rica Limon
40%
Guatemala Quetzaltenango
33%
El Salvador San Miguel
33%
Cuba Holguin
27%
Nicaragua Leon
27%
Cuba Pinar del Rio
27%
El Salvador Santa Ana
27%
Costa Rica Alajuela
20%
Nicaragua Granada
20%
Guatemala Huehuetenango
20%
Cuba Las Tunas
20%
Cuba Matanzas
20%
Costa Rica Puntarenas
20%
Dominican Republic San Cristobal
20%
Costa Rica Cartago
13%
Trinidad and Tobago Chaguanas
13%
St Lucia Choiseul
13%
Cuba Ciego de Avila
13%
Cuba Cienfuegos
13%
Costa Rica Heredia
13%
Dominican Republic La Romana
13%
Dominican Republic Samana
13%
Dominican Republic San Pedro de Macoris
13%
Bahamas Spanish Wells
13%
El Salvador Usulutan
13%
Cuba Artemisa
7%
Bahamas Black Point
7%
Panama Bocas del Toro
7%
Honduras Choluteca
7%
Honduras Comayagua
7%
Belize Corozal
7%
Dominican Republic Dajabon
7%
Guatemala Escuintla
7%
Nicaragua Esteli
7%
St Lucia Gros Islet
7%
Guatemala Jalapa
7%
Guatemala Jutiapa
7%
Nicaragua Masaya
7%
Dominican Republic Monte Plata
7%
Dominican Republic Pedernales
7%
Cuba Sancti Spiritus
7%
Trinidad and Tobago San Fernando
7%
Dominican Republic San Jose de Ocoa
7%
St Lucia Soufrière
7%
St Lucia Vieux Fort
7%
El Salvador Ahuachapan
0%
St Lucia Anse la Raye
0%
Trinidad and Tobago Arima
0%
Nicaragua Boaco
0%
St Lucia Canaries
0%
El Salvador Chalatenango
0%
Guatemala Chimaltenango
0%
Nicaragua Chinandega
0%
Guatemala Chiquimula
0%
St Lucia Dennery
0%
Trinidad and Tobago Diego Martin
0%
Bahamas Grand Cay
0%
Bahamas Hope Town
0%
Nicaragua Jinotega
0%
St Lucia Laborie
0%
Honduras La Paz
0%
El Salvador La Union
0%
Nicaragua Matagalpa
0%
St Lucia Micoud
0%
Honduras Ocotepeque
0%
Trinidad and Tobago Point Fortin
0%
Trinidad and Tobago Princes Town
0%
Guatemala Retalhuleu
0%
Nicaragua Rivas
0%
Dominica Saint Joseph
0%
Antigua and Barbuda Saint Philip's
0%
Trinidad and Tobago Sangre Grande
0%
Guatemala San Marcos
0%
Honduras Santa Barbara
0%
El Salvador San Vicente
0%
Trinidad and Tobago Siparia
0%
Guatemala Solola
0%
El Salvador Sonsonate
0%
Guatemala Totonicapan
0%
Honduras Yoro
0%
Guatemala Zacapa
0%
No matching quizzes found
Score Distribution
Percent of People with Each Score
Percentile by Number Answered
Your Score History
You have not taken this quiz